| 000 | 01324nam a2200277Ia 4500 | ||
|---|---|---|---|
| 003 | PE SENCICO BE | ||
| 005 | 20251020182450.0 | ||
| 008 | 200515s9999 xx 000 0 und d | ||
| 020 | _a978-84-9801-620-8 | ||
| 040 |
_aPE SENCICO BE _cPE SENCICO BE |
||
| 041 | _aspa | ||
| 082 |
_a729.28 _bI56 |
||
| 100 | 1 |
_aMalcolm, Innes _93171 _eautor |
|
| 245 | 1 | 0 |
_aIluminación en interiorismo / _cMalcolm Innes |
| 250 | _a1a ed. | ||
| 260 |
_aBarcelona : _bBlume ; _c2012 |
||
| 300 |
_a192 páginas : _biluminación, tablas, gráficos ; _c28 cm. |
||
| 505 | 0 | _aLa física de la luz -- Los factores humanos -- La luz natural -- La luz eléctrica -- Principios de la iluminación -- La iluminación para las personas -- La iluminación arquitectónica -- El proceso de diseño -- Registro y visualización de la iluminación -- Comunicación y finalización del proyecto | |
| 520 | 3 | _aPresenta un enfoque detallado y práctico sobre la iluminación en el diseño de interiores y ofrece toda la información esencial y la técnica necesaria para enfrentarse a la iluminación con éxito en los diseños. | |
| 650 | 1 | 0 |
_aIluminación arquitectónica _9140 |
| 650 | 2 | 0 |
_aIluminación _963 |
| 650 | 2 | 0 |
_aLuz _93174 |
| 650 | 2 | 0 |
_aDiseño de interiores _944 |
| 700 | 1 |
_93172 _aCano Camarasa, Rosa _etraductor |
|
| 942 |
_cLIB _2ddc |
||
| 999 |
_c819 _d819 |
||